00794 a2200181 4500003000500000005001700005010001600022020001500038040000900053082001600062100002200078245004300100250001200143260003100155300003400186505035600220650003600576Nust20221208193630.0 a 82017593 a0471880884 cNust00a621.382,HAY1 aHaykin, Simon S.,10aCommunication systems /cSimon Haykin. a2nd ed. aNew York :bWiley,cc1983. axvi, 653 p. :bill. ;c24 cm. aIntroduction (Page-2), Representation of Signals and Systems (Page-10), Amplitude Modulation (Page-112), Angle Modulation (Page-180), Radom Processes (Page-230), Noise in CW Modulation (Page-318), Pulse Analog Modulation (Page-364), Pulse Digital Modulation (Page-408), Based data Transmission (Page-466), Band-Pass Data Transmission (Page-506).  0aTelecommunications engineering.